The Press and Registration of Books Act 1867 With Short Notes and Case Law (Record no. 4656)
[ view plain ]
| 000 -LEADER | |
|---|---|
| fixed length control field | 00637nam a2200241 a 4500 |
| 020 ## - INTERNATIONAL STANDARD BOOK NUMBER | |
| ISBN | |
| 082 00 - DEWEY DECIMAL CLASSIFICATION NUMBER | |
| Classification number | 343.0998 |
| Author Cutter | DAS |
| 100 ## - MAIN ENTRY--AUTHOR NAME | |
| Author name | Das, Ramanuj |
| 245 ## - TITLE STATEMENT | |
| Title | The Press and Registration of Books Act 1867 With Short Notes and Case Law |
| 260 ## - PUBLICATION, DISTRIBUTION, ETC. (IMPRINT) | |
| Place of publication | Hyderabad |
| Name of publisher | Law Publico |
| Year of publication | 1968 |
| 300 ## - PHYSICAL DESCRIPTION | |
| Number of Pages | 22p |
| 500 ## - GENERAL NOTE | |
| General note | includes index and biblioraphy |
| 650 ## - SUBJECT ADDED ENTRY--TOPICAL TERM | |
| Topical Term | Publishing-Regulations |
| 650 ## - SUBJECT ADDED ENTRY--TOPICAL TERM | |
| Topical Term | India-Publishing Laws |
| 942 ## - ADDED ENTRY ELEMENTS (KOHA) | |
| Koha item type | Books |
| 700 1# - | |
| -- | Das, Ramanuj |
| Collection code | Home library | Current library | Date acquired | Cost, normal purchase price | Full call number | Accession Number | Koha item type |
|---|---|---|---|---|---|---|---|
| Henry Martyn Institute Library | Henry Martyn Institute Library | 02/21/2008 | 100.00 | 343.0998 DAS | 05924 | Books |
